[Event "Lima Surco op 4th"]
[Site "Lima"]
[Date "2017.10.28"]
[Round "5"]
[White "Salazar Perez, Luis Renato"]
[Black "Celestino Pino, Alisson Nicole"]
[Result "1/2-1/2"]
[WhiteElo "1787"]
[BlackElo "1511"]
[PlyCount "118"]
[EventDate "2017.10.15"]
[EventType "swiss"]
[EventRounds "7"]
[EventCountry "PER"]
[SourceTitle "EXT 2019"]
[Source "ChessBase"]
[SourceDate "2018.10.10"]
[SourceVersion "1"]
[SourceVersionDate "2018.10.10"]
[SourceQuality "1"]

1. d4 d5 2. c4 e6 3. Nc3 Nf6 4. cxd5 exd5 5. Bf4 Bd6 6. Bxd6 Qxd6 7. e3 c6 8. Bd3 0-0 9. Nge2 Re8 10. Qc2 b6 11. 0-0 Ba6 12. Bf5 Bc8 13. Bd3 Ba6 14. Bf5 g6 15. Bh3 Nbd7 16. Rfd1 Nf8 17. Rac1 Bc8 18. Bxc8 Raxc8 19. Nf4 Ne6 20. Nd3 Ng5 21. Ne5 c5 22. Nb5 Qe7 23. Qa4 a5 24. Nd3 c4 25. Nf4 Nge4 26. Nc3 Nxf2 27. Re1 Nd3 28. Nxd3 cxd3 29. Rcd1 Rc4 30. Qb5 Qb4 31. Rxd3 Qxb5 32. Nxb5 Rc2 33. Rb3 Ne4 34. Nc3 Nxc3 35. bxc3 Rxa2 36. Rxb6 Rc2 37. Ra6 Rxc3 38. Rxa5 Rcxe3 39. Rxe3 Rxe3 40. Rxd5 Rd3 41. Kf2 Rd2+ 42. Kf3 Kf8 43. h4 Ke7 44. g4 Ke6 45. Re5+ Kd6 46. Ke3 Rd1 47. Ra5 Re1+ 48. Kf4 Rd1 49. Ra4 Kd5 50. Kg5 Rxd4 51. Rxd4+ Kxd4 52. Kf6 Ke4 53. Kxf7 g5 54. h5 Kf4 55. Kg7 Kxg4 56. h6 Kf5 57. Kxh7 g4 58. Kg8 g3 59. h7 g2 1/2-1/2